Read, reason, write : an argument text and reader

This text with readings presents clear instruction in critical reading and analysis, argument, and research techniques, along with a collection of current and incisive readings appropriate for practising these techniques. It should help students develop into better writers.

Đã lưu trong:
Bibliografiske detaljer
Hovedforfatter: Seyler, Dorothy U.
Format: Bog
Sprog:Undetermined
Udgivet: Boston McGraw Hill 2004
Fag:
Tags: Tilføj Tag
Ingen Tags, Vær først til at tagge denne postø!
Thư viện lưu trữ: Trung tâm Học liệu Trường Đại học Cần Thơ
LEADER 00908nam a2200229Ia 4500
001 CTU_168427
008 210402s9999 xx 000 0 und d
020 |c 5 
082 |a 808.0427 
082 |b S519 
100 |a Seyler, Dorothy U. 
245 0 |a Read, reason, write : 
245 3 |b an argument text and reader 
245 0 |c Dorothy U Seyler 
260 |a Boston 
260 |b McGraw Hill 
260 |c 2004 
520 |a This text with readings presents clear instruction in critical reading and analysis, argument, and research techniques, along with a collection of current and incisive readings appropriate for practising these techniques. It should help students develop into better writers. 
650 |a English language,Report writing,Tiếng anh,Viết báo cáo 
650 |x Rhetoric,Tu từ học 
904 |i Năm 
980 |a Trung tâm Học liệu Trường Đại học Cần Thơ